| 000 | 00551nam a2200181 i 4500 | ||
|---|---|---|---|
| 001 | 63888 | ||
| 003 | ES-MaACL | ||
| 005 | 20230906165008.0 | ||
| 007 | t| | ||
| 008 | 031217s1966 sp ||||1| spa d | ||
| 245 | 0 | 4 |
_aLas Filosofías de Ludwig Wittgensteint / _cFerrater Mora...[et al.] ; [traducción, Ricardo Jordana]. |
| 250 | _a[1ª ed.]. | ||
| 260 |
_aBarcelona : _bOikos-Tau, _c[1966] |
||
| 300 |
_a176 p. ; _c21 cm. |
||
| 700 | 1 |
_aFerrater Mora, José. _950338 |
|
| 700 | 1 |
_aJordana, Ricardo. _966929 |
|
| 852 |
_aES-MaACL _jC-30871 _bR.70163 |
||
| 999 |
_c63888 _d63888 |
||